000 00708nam a2200253Ia 4500
003 OSt
005 20221007071438.0
006 a|||||r|||| 00| 0
007 ta
008 221006b |||||||| |||| 00| 0 eng d
024 _a8,675
037 _cTextual
040 _aFLL
_cFLL
_beng
041 _2eng
_aeng
082 _aZ3,121, L9
100 _aBernard Passingham Au.
_9688781
245 0 _aLaw and practice in matrimonial causes
250 _a3rd
260 _aLondon
_bButterworths London
_c1979
300 _a529p
_ccm.
700 _a Harmer Caroline Au.
_9688782
942 _hZ3,121, L9
_cTEXL
_2CC
999 _c1143370
_d1143370